MARC details
| 000 -LEADER |
| fixed length control field |
01502nam a22003371u 4500 |
| 001 - CONTROL NUMBER |
| control field |
05627 |
| 003 - CONTROL NUMBER IDENTIFIER |
| control field |
HDC |
| 007 - PHYSICAL DESCRIPTION FIXED FIELD--GENERAL INFORMATION |
| fixed length control field |
cr bn ---aaaaa |
| 008 - FIXED-LENGTH DATA ELEMENTS--GENERAL INFORMATION |
| fixed length control field |
210120p9999 | d 00 engg |
| 040 ## - CATALOGING SOURCE |
| Original cataloging agency |
HDC |
| 100 ## - MAIN ENTRY--PERSONAL NAME |
| Personal name |
Abdul Manaf Bohari |
| Relator term |
author |
| 9 (RLIN) |
1667 |
| 245 #0 - TITLE STATEMENT |
| Title |
SWOT Analysis on the Halal Food Industry in Malaysia: Competitiveness and ICT-Strategic Recommendation / by |
| Statement of responsibility, etc. |
Abdul Manaf Bohari |
| 260 ## - PUBLICATION, DISTRIBUTION, ETC. |
| Place of publication, distribution, etc. |
[no place] : |
| Name of publisher, distributor, etc. |
[publisher not identified], |
| Date of publication, distribution, etc. |
[no year] |
| 260 ## - PUBLICATION, DISTRIBUTION, ETC. |
| Place of publication, distribution, etc. |
Malaysia: |
| Name of publisher, distributor, etc. |
UKM Press, |
| Date of publication, distribution, etc. |
2013 |
| 300 ## - PHYSICAL DESCRIPTION |
| Extent |
1 online resource (9 pages) |
| 336 ## - CONTENT TYPE |
| Content type term |
text |
| Source |
rdacontent |
| 337 ## - MEDIA TYPE |
| Media type term |
computer |
| Source |
rdamedia |
| 338 ## - CARRIER TYPE |
| Carrier type term |
online resource |
| Source |
rdacarrier |
| 500 ## - GENERAL NOTE |
| General note |
Extract from: Geografia: Malaysia Journal of Society and Space, 2013, volume 9, issue 1 (pages 1-14) |
| -- |
Includes bibliographical references |
| 650 ## - SUBJECT ADDED ENTRY--TOPICAL TERM |
| Topical term or geographic name entry element |
current development |
| Geographic subdivision |
Malaysia |
| 9 (RLIN) |
5908 |
| 650 ## - SUBJECT ADDED ENTRY--TOPICAL TERM |
| Topical term or geographic name entry element |
halal food industry |
| 9 (RLIN) |
128 |
| 650 ## - SUBJECT ADDED ENTRY--TOPICAL TERM |
| Topical term or geographic name entry element |
Halal food |
| Geographic subdivision |
Malaysia |
| 9 (RLIN) |
332 |
| 700 ## - ADDED ENTRY--PERSONAL NAME |
| Personal name |
Cheng, Wei Hin |
| Relator term |
joint author |
| 9 (RLIN) |
1668 |
| 700 ## - ADDED ENTRY--PERSONAL NAME |
| Personal name |
Nurwahida Fuad |
| Relator term |
joint author |
| 9 (RLIN) |
1669 |
| 710 ## - ADDED ENTRY--CORPORATE NAME |
| Corporate name or jurisdiction name as entry element |
UKM Press |
| Relator term |
publisher |
| 856 ## - ELECTRONIC LOCATION AND ACCESS |
| Public note |
Request full-text at [email protected] |
| 856 ## - ELECTRONIC LOCATION AND ACCESS |
| Public note |
Request full-text at [email protected] |
| 942 ## - ADDED ENTRY ELEMENTS (KOHA) |
| Source of classification or shelving scheme |
Library of Congress Classification |
| 942 ## - ADDED ENTRY ELEMENTS (KOHA) |
| Koha item type |
Articles |
| 942 ## - ADDED ENTRY ELEMENTS (KOHA) |
| Call number prefix |
JART 001428 |